Experiències en la gestió comercial de les parades dels mercats municipals : 10 bones pràctiques 10 bones pràctiques
Publicado:
Barcelona :
Diputació de Barcelona, Àrea de Desenvolupament Econòmic i Ocupació, Gerència de Serveis de Comerç, Oficina de Mercats i Fires Locals ,
2011
Descripción Física:
87 p. : il. col. ; 29 cm
MARC
| LEADER | 00000nam a2200000Ia 4500 | ||
|---|---|---|---|
| 001 | 23343 | ||
| 008 | 160829s2011 xx 000 0 cat d | ||
| 080 | |a C-3-379 | ||
| 245 | |a Experiències en la gestió comercial de les parades dels mercats municipals : |b 10 bones pràctiques | ||
| 260 | |a Barcelona : |b Diputació de Barcelona, Àrea de Desenvolupament Econòmic i Ocupació, Gerència de Serveis de Comerç, Oficina de Mercats i Fires Locals, |c 2011 | ||
| 300 | |a 87 p. : |b il. col. ; |c 29 cm | ||
| 650 | |a Mercats coberts |x Barcelona (Província) |x Direcció i administració |x Estudi de casos |9 47793 | ||
| 710 | 1 | |a Barcelona (Catalunya : Província). |b Oficina de Mercats i Fires Locals |9 53630 | |
| 901 | |a Arxiu | ||
| 942 | |n 1 | ||
| 952 | |0 0 |1 0 |4 0 |6 C3379 |7 1 |9 54116 |a Arxiu |b Arxiu |d 2012-01-03 |l 0 |o C-3-379 |p 23343 |r 2016-12-01 00:00:00 |w 2016-12-01 |y ARXIU | ||
| 999 | |c 57985 |d 57985 | ||